Multiservice Multiplexer to Combine the Air Defence Traffic of a Radar in Single Channel in Communication with CRC (Record no. 326678)

000 -LEADER
fixed length control field 00451 a2200133 4500
001 - CONTROL NUMBER
control field 91605
082 ## - DEWEY DECIMAL CLASSIFICATION NUMBER
Classification number PR 1572
090 ## - LOCALLY ASSIGNED LC-TYPE CALL NUMBER (OCLC); LOCAL CALL NUMBER (RLIN)
-- 43758
-- 43757
100 ## - MAIN ENTRY--PERSONAL NAME
Personal name Asmar Azar Khan; Prof Taufeeque-UR-Rehman and Omer Bashir, Advisors
245 ## - TITLE STATEMENT
Title Multiservice Multiplexer to Combine the Air Defence Traffic of a Radar in Single Channel in Communication with CRC
Number of part/section of a work 54 "B" EC
260 ## - PUBLICATION, DISTRIBUTION, ETC.
Place of publication, distribution, etc. Rawalpindi
Name of publisher, distributor, etc. NUST
Date of publication, distribution, etc. 2001
300 ## - PHYSICAL DESCRIPTION
Extent 90p
500 ## - GENERAL NOTE
General note BE Project Reports
942 ## - ADDED ENTRY ELEMENTS (KOHA)
Institution code [OBSOLETE] CAE NUST
Call number prefix PR 1572
Holdings
Withdrawn status Lost status Damaged status Not for loan Collection code Permanent Location Current Location Date acquired Total Checkouts Full call number Barcode Date last seen Price effective from Koha item type
          College of Aeronautical Engineering (CAE) College of Aeronautical Engineering (CAE) 04/03/2017   PR 1572 CAEPR-1572 04/05/2017 04/05/2017 Book
© 2023 Central Library, National University of Sciences and Technology. All Rights Reserved.